Score 0/28 Timer 06:00
2 Plays Today
Number of Countries Last Three Letters % Correct
7AND
95.7%
4ICA
89.4%
5SIA
89%
3INA
87.8%
8TAN
86.5%
3LIA
86.5%
9NIA
81.2%
6RIA
80.4%
6BIA
76.8%
2ADA
75.5%
2DIA
73.5%
2AIN
65.7%
3REA
59.3%
2VIA
55.8%
Number of Countries Last Three Letters % Correct
3ANA
54.3%
2LIC
50.6%
3DAN
48.7%
2GAL
48.2%
2UAY
46.8%
2TES
44.5%
3NEA
43.6%
3NDS
42.9%
2INE
42.7%
2NGO
39.6%
2NES
35.9%
2DOR
33.8%
2RUS
32.2%
2NDA
28.6%
Remove Ads.
Support Sporcle.
Get the best of Sporcle when you Go Orange. This ad-free experience offers more features, more stats, and more fun while also helping to support Sporcle. Thank you for becoming a member.

You're not logged in!

Compare scores with friends on all Sporcle quizzes.
OR
Log In

Show Comments

Extras

Top Quizzes Today


Score Distribution

Your Account Isn't Verified!

In order to create a playlist on Sporcle, you need to verify the email address you used during registration. Go to your Sporcle Settings to finish the process.

Report this User

Report this user for behavior that violates our Community Guidelines.

Details: